Элементы математики: пер. с фр.; Кн. 6: Интегрирование. Векторное интегрирование. Мера Хаара. Свертка и представления

ग्रंथसूची विवरण
मुख्य लेखक: Бурбаки Н.
भाषा:रूसी
प्रकाशित: Москва, Наука, 1970
विषय:
स्वरूप: पुस्तक
KOHA link:https://koha.lib.tpu.ru/cgi-bin/koha/opac-detail.pl?biblionumber=152248

MARC

LEADER 00000nam0a2200000 4500
001 152248
005 20231031150937.0
035 |a (RuTPU)RU\TPU\book\165076 
090 |a 152248 
100 |a 20090129d1970 k y0rusy50 ca 
101 1 |a rus  |c fre 
102 |a RU 
105 |a y z 001zy 
200 1 |a Элементы математики  |h Кн. 6: Интегрирование. Векторное интегрирование. Мера Хаара. Свертка и представления  |e пер. с фр.  |f Н. Бурбаки 
210 |a Москва  |c Наука  |d 1970 
215 |a 320 с.  |c ил. 
320 |a Библиогр.: с. 314. 
320 |a Указатели: с. 315-320. 
610 1 |a высшая математика 
610 1 |a интегрирование 
610 1 |a интегральное исчисление 
610 1 |a векторное интегрирование 
610 1 |a мера Хаара 
610 1 |a свертка 
610 1 |a представления 
675 |a 51  |v 3 
675 |a 517.3  |v 3 
700 1 |a Бурбаки  |b Н. 
801 1 |a RU  |b 63413507  |c 20090129  |g PSBO 
801 2 |a RU  |b 63413507  |c 20210129  |g PSBO 
942 |c BK